Acople de un dispositivo WDM a una red óptica

Αποθηκεύτηκε σε:
Λεπτομέρειες βιβλιογραφικής εγγραφής
Κύριος συγγραφέας: Jiménez Cortés, Fabiola, 1976-
Άλλοι συγγραφείς: Marín Naranjo, Luis Diego, 1960- Director de Proyecto Eléctrico
Μορφή: Βιβλίο
Γλώσσα:Undetermined
Έκδοση: San José, Costa Rica 1999
Θέματα:
Ετικέτες: Προσθήκη ετικέτας
Δεν υπάρχουν, Καταχωρήστε ετικέτα πρώτοι!

MARC

LEADER 00000nam a2200000Ia 4500
003 008258
005 20240111135400.0
008 140114s9999 xx 000 0 und d
040 |c cru CEDI 
100 |a Jiménez Cortés, Fabiola, 1976-  |9 2156 
245 |a Acople de un dispositivo WDM a una red óptica 
260 |a  San José, Costa Rica  |c 1999 
300 |a  x, 22 hojas  
500 |a  Proyecto de graduación (bachillerato en ingeniería eléctrica)--Universidad de Costa Rica. Facultad de Ingeniería. Escuela de Ingeniería Eléctrica 
501 |a Profesor Guía Proyecto Eléctrico: Ing. Luis Diego Marín Naranjo 
650 |x FIBRA OPTICA   |x SISTEMAS DE COMUNICACION   |x  DISEÑO   |x PROCESAMIENTO DE SEÑALES   |x COMUNICACIONES OPTICAS  |9 8596 
700 |a Marín Naranjo, Luis Diego, 1960-  |d Director de Proyecto Eléctrico   |9 808 
942 |c TFG  |h TFG 3998  |i 008258  |6 TFG_3998_008258000000000 
999 |c 18458  |d 18458